000 00481nam a2200181Ia 4500
003 GCL
008 140319s9999 xx 000 0 eng d
040 _aGCL /
_cGCL
082 0 4 _a914.45632
_bC L
100 1 _aCARTOCCI, GLAUCO
245 1 0 _aLIVING ROME: SOUVENIR GUIDE OF THE ETERNAL CITY /
_cCARTOCCI, GLAUCO
260 _a[S.N] :
_bOTO ،
_c1972
300 _a63 P
650 0 4 _aROME - HISTORY
650 0 4 _aROME - CIVILIZATION
650 0 4 _aGUIDE BOOKS
942 _2ddc
_cBK
999 _c14965
_d14965